Tate McRae - Chansons de l'album So Close To What - Statistiques

Statistiques générales
  • Ce quiz a été pris 348 fois
    115 depuis la dernière actualisation
  • Le résultat moyen est 18 sur 21
Statistiques - réponses
Hint Réponse % Correct
So Close To What 1 Miss possessive
95%
So Close To What 7 Sports car
93%
So Close To What. Bonus Siren sounds
92%
So Close To What 2 2 hands
91%
So Close To What. 11 It's ok I'm ok
89%
So Close To What 3 Revolving door
89%
So Close To What Deluxe 5 TIT FOR TAT
89%
So Close To What Deluxe 2 ANYTHING BUT LOVE
88%
So Close To What Deluxe 3 NOBODY'S GIRL
88%
So Close To What Deluxe 4 HORSESHOE
86%
So Close To What 4 Bloodonmyhands (feat. Flo Milli)
85%
So Close To What 5 Dear god
85%
So Close To What 6 Purple lace bra
85%
So Close To What. 9 I know love (feat. The Kid Laroi)
84%
So Close To What. 13 Means I care
84%
So Close To What. 15 Nostalgia
84%
So Close To What. 14 Greenlight
81%
So Close To What. 12 No I'm not in love
80%
So Close To What Deluxe 1 TRYING ON SHOES
80%
So Close To What 8 Signs
77%
So Close To What. 10 Like I do
76%
Aucun quiz correspondant
Distribution des résultats
% des personnes avec chaque résultat
Percentile par nombre de réponses
Votre historique - résultats
Vous n’avez pas pris ce quiz depuis la dernière actualisation